000 00859nmc a2200325 a 4500
003 AR-BaBNM
005 20251128210825.0
008 291020s1995 ||||||||||||||000 | spa||
020 _a987-9065-09-3
040 _cAR-BaBNM
100 1 _aMairowitz, David Zane
245 1 0 _aKafka para principiantes
260 _aBuenos Aires
_bErrepar
_c1995
300 0 _a175 p.
_bil.
490 0 _aPara principiantes
_vv. 5
600 1 4 _aKafka, Franz
650 4 _aESCRITORES
650 4 _aBIOGRAFIAS
650 4 _aDIVULGACION
650 4 _aVIDA LITERARIA
653 0 _aLITERATURA CHECA
653 0 _aHISTORIETAS
655 _aBIOGRAFIAS
700 1 _aCrumb, Robert
_eilustrador
700 1 _aRodríguez, Florencia
_etraductor
700 1 _aFideleff, Carina
_etraductor
800 1 _aKreimer, Juan Carlos
_edirector
942 _cBK
998 _cMARTIN
999 _c17079
_d17079